01122 2200277 4500001002100000005001500021035002000036007000300056008004100059020001800100082001400118084002000132100002400152245006400176250002000240300002500260650001000285700002100295700003400316520037300350264003100723336002100754337003000775338002300805990001600828INLIS00000000000105820260522093633 a0010-0526000514ta260522 e f ind  a9786026922786 a899.221 3 a899.221 3 HAN t0 aHangginiePengarang1 a7 mantan /cHanggini, Widya ; penyunting, Larasati Fitriani acetakan pertama a186 halaman ;c19 cm 4aFiksi0 aWidyaePengarang0 aLarasati FitrianiePenyunting aMantan itu berawal dari satu kata, cinta. Karena kalau tidak cinta, mana bisa jadi mantan. Mendengar kata mantan, identik dengan hal buruk yang membuat sakit hati dan lain sebagainya. Tapi kadang kita lupa bahwa mantan juga adalah sosok yang pernah membuat kita bahagia. Buku ini berisi tentang pengalaman penulis dengan 7 mantannya. Ditulis dengan ringan dan menarik. aJakarta :bLoveable,c2017 2rdacontentateks 2rdamediaatanpa perantara 2rdacarrieravolume aPP002053/19